Les Swing States de l'élection présidentielle de 2024 - Statistiques

Statistiques générales
  • Ce quiz a été pris 86 fois
  • Le résultat moyen est 7 sur 10
Statistiques - réponses
Swing States % Correct
Arizona
84%
Pennsylvanie
84%
Michigan
82%
Géorgie
81%
Caroline du Nord
78%
Nevada
75%
Wisconsin
74%
Floride
64%
Minnesota
36%
Nouveau Mexique
35%
Aucun quiz correspondant
Distribution des résultats
% des personnes avec chaque résultat
Percentile par nombre de réponses
Votre historique - résultats
Vous n’avez pas pris ce quiz